Взаимосвязь параметров машины двойного питания с геометрическими размерами при колебательном режиме работы; Современные техника и технологии; Т. 1
| Parent link: | Современные техника и технологии: сборник трудов XV Международной научно-практической конференции студентов, аспирантов и молодых ученых, Томск, 4-8 мая 2009 г/ Национальный исследовательский Томский политехнический университет (ТПУ).— , 2009 Т. 1.— 2009.— [С. 458-460] |
|---|---|
| Autor principal: | |
| Outros Autores: | |
| Resumo: | Заглавие с титульного листа Электронная версия печатной публикации |
| Idioma: | russo |
| Publicado em: |
2009
|
| Assuntos: | |
| Acesso em linha: | http://www.lib.tpu.ru/fulltext/c/2009/C01/V1/230.pdf |
| Formato: | Recurso Electrónico Capítulo de Livro |
| KOHA link: | https://koha.lib.tpu.ru/cgi-bin/koha/opac-detail.pl?biblionumber=243064 |
MARC
| LEADER | 00000naa2a2200000 4500 | ||
|---|---|---|---|
| 001 | 243064 | ||
| 005 | 20251216095537.0 | ||
| 035 | |a (RuTPU)RU\TPU\book\264400 | ||
| 035 | |a RU\TPU\book\264378 | ||
| 090 | |a 243064 | ||
| 100 | |a 20130917d2009 k y0rusy50 ca | ||
| 101 | 0 | |a rus | |
| 102 | |a RU | ||
| 135 | |a drnn ---uucaa | ||
| 181 | 0 | |a i | |
| 182 | 0 | |a b | |
| 200 | 1 | |a Взаимосвязь параметров машины двойного питания с геометрическими размерами при колебательном режиме работы |f Л. А. Паюк |g науч. рук. А. В. Аристов | |
| 203 | |a Текст |c электронный | ||
| 215 | |a 1 файл (376 Кб) | ||
| 300 | |a Заглавие с титульного листа | ||
| 300 | |a Электронная версия печатной публикации | ||
| 337 | |a Adobe Reader | ||
| 461 | 0 | |0 (RuTPU)RU\TPU\book\261117 |t Современные техника и технологии |o сборник трудов XV Международной научно-практической конференции студентов, аспирантов и молодых ученых, Томск, 4-8 мая 2009 г |o в 3 т. |f Национальный исследовательский Томский политехнический университет (ТПУ) |d 2009 | |
| 463 | 0 | |0 (RuTPU)RU\TPU\book\261157 |t Т. 1 |v [С. 458-460] |d 2009 | |
| 610 | 1 | |a электронный ресурс | |
| 610 | 1 | |a труды учёных ТПУ | |
| 610 | 1 | |a двойное питание | |
| 610 | 1 | |a технические параметры | |
| 610 | 1 | |a геометрические величины | |
| 610 | 1 | |a колебательное движение | |
| 610 | 1 | |a вычисления | |
| 610 | 1 | |a коэффициенты | |
| 610 | 1 | |a уравнения | |
| 610 | 1 | |a электромагнитные нагрузки | |
| 610 | 1 | |a электродвигатели переменного тока | |
| 610 | 1 | |a машины | |
| 700 | 1 | |a Паюк |b Л. А. |c специалист в области электротехники |c старший преподаватель Томского политехнического университета, кандидат технических наук |f 1981- |g Любовь Анатольевна |3 (RuTPU)RU\TPU\pers\25685 |9 11596 | |
| 702 | 1 | |a Аристов |b А. В. |4 727 | |
| 801 | 1 | |a RU |b 63413507 |c 20130617 | |
| 801 | 2 | |a RU |b 63413507 |c 20160914 |g RCR | |
| 856 | 4 | |u http://www.lib.tpu.ru/fulltext/c/2009/C01/V1/230.pdf | |
| 942 | |c CF | ||